[Event "TUR-ch U13/18"]
[Site "Antalya"]
[Date "2023.01.23"]
[Round "3"]
[White "Sezis, Doruk"]
[Black "Taspinar, Yanki"]
[Result "0-1"]
[WhiteElo "1743"]
[BlackElo "2275"]
[PlyCount "93"]
[EventDate "2023.01.17"]
[EventType "swiss"]
[EventRounds "10"]
[EventCountry "TUR"]
[SourceTitle "EXT 2024"]
[Source "ChessBase"]
[SourceDate "2023.10.10"]
[SourceVersion "1"]
[SourceVersionDate "2023.10.10"]
[SourceQuality "1"]

1. c4 e6 2. Nf3 d5 3. g3 Nf6 4. Bg2 dxc4 5. Qc2 Nbd7 6. Qxc4 a6 7. d4 b5 8. Qc2 Bb7 9. Be3 Rc8 10. 0-0 c5 11. Qd1 c4 12. a3 Be7 13. Nc3 0-0 14. Qc2 Bc6 15. Rfd1 Qc7 16. Bf4 Qb7 17. b3 cxb3 18. Qxb3 Nd5 19. Ne5 Nxe5 20. Nxd5 Ng6 21. Nxe7+ Nxe7 22. Bxc6 Rxc6 23. Rac1 Rfc8 24. Rc5 Nd5 25. Qc2 Nb6 26. Rb1 Qd7 27. Rc1 Nc4 28. Rxc6 Qxc6 29. e4 Rd8 30. Be3 Qd6 31. a4 Qa3 32. Qc3 Qxc3 33. Rxc3 Nxe3 34. axb5 Nd1 35. Rc1 Nxf2 36. Kxf2 axb5 37. Ke3 Rb8 38. d5 exd5 39. exd5 Kf8 40. Kd4 b4 41. Rb1 Ke7 42. Kc4 Kd6 43. Rb3 Rb7 44. g4 f6 45. h4 Rb8 46. g5 f5 47. h5 0-1

[Event "TUR Cup"]
[Site "Adapazari"]
[Date "2022.03.30"]
[Round "8"]
[White "Sahin, Handenur"]
[Black "Sezis, Doruk"]
[Result "1-0"]
[WhiteElo "1997"]
[BlackElo "1566"]
[PlyCount "153"]
[EventDate "2022.03.25"]
[EventType "swiss"]
[EventRounds "11"]
[EventCountry "TUR"]
[SourceTitle "EXT 2023"]
[Source "ChessBase"]
[SourceDate "2022.10.05"]
[SourceVersion "1"]
[SourceVersionDate "2022.10.05"]
[SourceQuality "1"]

1. e4 c5 2. c3 Nf6 3. e5 Nd5 4. d4 cxd4 5. Nf3 Nc6 6. cxd4 d6 7. Bc4 Nb6 8. Bb3 dxe5 9. Nxe5 e6 10. Nf3 Nb4 11. 0-0 Be7 12. Nc3 0-0 13. Qe2 N4d5 14. Ne4 Bd7 15. a4 a5 16. Ne5 Bc6 17. Ng3 Nf6 18. Nxc6 bxc6 19. Be3 Nbd5 20. Rac1 Qb6 21. Bc4 Rfd8 22. Rfd1 Rac8 23. Bg5 h6 24. Be3 Bd6 25. Nh5 Nxh5 26. Qxh5 Qxb2 27. Rb1 Qc2 28. Bd3 Qxa4 29. Bxh6 gxh6 30. Qxh6 Bf4 31. Qh7+ Kf8 32. Bc2 Qa3 33. g3 Bg5 34. Rb7 Nc7 35. h4 Bf6 36. Rd3 Qc1+ 37. Rd1 Qa3 38. Rd3 Qd6 39. Rf3 Qxd4 40. Qh6+ Ke7 41. Qc1 Qe5 42. Qa3+ Ke8 43. Kg2 Be7 44. Qc1 Qg7 45. Ba4 Nd5 46. Qc4 Kf8 47. Qe4 Nf6 48. Qc4 Qg4 49. Rf4 Qh5 50. Qc3 Nd5 51. Qd2 Nxf4+ 52. Qxf4 e5 53. Qc4 e4 54. Qxe4 Bd6 55. Bxc6 Rc7 56. Rb5 Qg6 57. Qf3 Qh6 58. Rh5 Qg7 59. Rg5 Qh6 60. Rh5 Qg7 61. Rg5 Qd4 62. Rg4 Qe5 63. Rg5 Qd4 64. Rg4 Qc5 65. Be4 Qe5 66. Rg5 Qd4 67. Rd5 Qg7 68. Rg5 Qh8 69. Qf5 Re7 70. Bd5 f6 71. Rh5 Qg7 72. Rg5 Qh8 73. Rg6 Be5 74. f4 Rxd5 75. fxe5 Rdxe5 76. Rxf6+ Kg8 77. Rf8+ 1-0

[Event "TUR Cup"]
[Site "Adapazari"]
[Date "2022.03.26"]
[Round "3"]
[White "Sezis, Doruk"]
[Black "Ozdemir, Serhan Berat"]
[Result "1/2-1/2"]
[WhiteElo "1566"]
[BlackElo "2176"]
[PlyCount "137"]
[EventDate "2022.03.25"]
[EventType "swiss"]
[EventRounds "11"]
[EventCountry "TUR"]
[SourceTitle "EXT 2023"]
[Source "ChessBase"]
[SourceDate "2022.10.05"]
[SourceVersion "1"]
[SourceVersionDate "2022.10.05"]
[SourceQuality "1"]

1. c4 Nf6 2. Nc3 g6 3. e4 d6 4. d4 Bg7 5. h3 0-0 6. Be3 c5 7. d5 e6 8. Bd3 exd5 9. exd5 Re8 10. Nf3 a6 11. 0-0 Rxe3 12. fxe3 Qe7 13. Qd2 Nbd7 14. Rae1 Rb8 15. g4 h6 16. Kh1 Nh7 17. Qf2 Ne5 18. Nxe5 Bxe5 19. Rb1 Bd7 20. Ne2 b5 21. cxb5 axb5 22. Ng1 Kg7 23. Nf3 Bf6 24. b3 Re8 25. e4 b4 26. Rbe1 Bc3 27. Re2 Ng5 28. Nxg5 hxg5 29. Kg2 Be5 30. Qf3 Rh8 31. Ref2 f6 32. Rh1 Rh4 33. Qe2 Qe8 34. Qc2 Bd4 35. Rff1 Qe5 36. Be2 Rh8 37. Bd3 Ra8 38. Qe2 Rh8 39. Qc2 Qe8 40. Be2 Qc8 41. Rd1 Be5 42. Qd3 Rh4 43. Qf3 Qa8 44. Rd2 Bf4 45. Rb2 Qe8 46. Qd3 Qe5 47. Rc2 Rh8 48. Bf3 Bg3 49. Bd1 Bf4 50. Bf3 Re8 51. Re2 Bg3 52. Rd2 Bf4 53. Rc2 Qe7 54. a3 bxa3 55. Qa6 Rb8 56. Qxa3 Rb4 57. Rc4 Rb7 58. h4 gxh4 59. Rxh4 Bg5 60. Rh1 Bb5 61. Qa8 Bh6 62. Rc2 Bd3 63. Rd2 Rxb3 64. Ra1 Bxd2 65. Ra7 Qxa7 66. Qxa7+ Kg8 67. Qa8+ Kg7 68. Qa7+ Kg8 69. Qa8+ 1/2-1/2